Statistics for Colorado... or Wyoming?

Click here to take the quiz!

General Stats

  • This quiz has been taken 93 times
    (92 since last reset)
  • The average score is 10 of 15

Answer Stats

QuestionAnswer% Correct
Has a population under 1 million peopleWyoming
96%
Is landlockedBoth
95%
Has legalized marijuanaColorado
91%
Has the largest sand dunes in the United StatesColorado
80%
Was the first state to allow women to voteWyoming
78%
Contains part of the continental divideBoth
75%
Has land in the great plains regionBoth
72%
Has land the Oregon trail passed throughWyoming
70%
Has more than 30% of its population in rural areasWyoming
67%
Has a vowel in its two letter abbreviationColorado
64%
Is largerColorado
63%
Has a name that comes from an American Indian languageWyoming
60%
Has mountains over 14,000 feetColorado
56%
Has 4 National ParksColorado
52%
Has a native population of gray wolvesBoth
30%

Score Distribution

Percentile by Number Answered

Percent of People with Each Score

Your Score History

You have not taken this quiz since the last reset